000 00315nam a2200121 i 4500
001 bg
245 0 _aScientific and technical books and serials in print.
_nVol. 1,
_pBooks-subject index.
260 _aNew York,
_c1986.
040 _cBPK
041 _apol
942 _cKS
008 s pl f |000 0 pol
999 _c23119
_d23119
856 _uhttp://koha.tu.koszalin.pl/cgi-bin/koha/opac-detail.pl?biblionumber=23119
_yKatalog online BPK